000
00273nam a22001217a 4500
008
170421b xxu||||| |||| 00| 0 eng d
041
_a
eng
080
_a
573
100
_a
11
101
_a
SHM
245
_a
MOLECULARE BIOLOGY OF THE GENE
_c
WATSON.J.D
942
_2
udc
_c
BK
999
_c
11529
_d
11529